• 首页
  • 本馆介绍
  • 公告通知
  • 最新文献
  • 馆藏检索
  • 电子资源
  • 读者导购
  • 参考咨询
  • 我的图书馆
  • 登录
  • 详细信息显示
  • 放入我的书架
  • 预约/预借图书
  • 作者相关作品
  • 分类相关作品
  • 丛书相关作品
  • 出版社相关作品

书目信息

  • 表格格式
  • 工作单格式
  • 卡片格式
题名:
中国社团立法研究
    
 
作者: 盖威 著
分册:  
出版信息: 北京   中国书籍出版社  2015
页数: 220页
开本: 24cm
丛书名:
单 册:
中图分类: D922.182.14
科图分类:
主题词: 社会团体--She Hui Tuan Ti--立法--研究--中国
电子资源:
ISBN: 978-7-5068-4989-0
000 00991nam0 22002651 450
001 349970
005 20161008165454.64
010    @a978-7-5068-4989-0@b精装@dCNY68.00
100    @a20151127d2015 em y0chiy50 ea
101 0  @achi
102    @aCN@b110000
105    @ay z 000yy
106    @ar
200 1  @a中国社团立法研究@AZhong Guo She Tuan Li Fa Yan Jiu@e以市民社会为视角@f盖威著
210    @a北京@c中国书籍出版社@d2015
215    @a220页@d24cm
300    @a上海市重点学科建设项目 华东理工大学社会与公共管理学院卓越计划与重点学科建设项目
300    @a万象学术文库
330    @a本书以马克思的市民社会理论为指导,以建设和发展中国社会主义市民社会为背景,围绕社团、市民社会、民法和国家之间的密切联系展开论述。
517 1  @a以市民社会为视角@AYi Shi Min She Hui Wei Shi Jiao
606 0  @a社会团体@AShe Hui Tuan Ti@x立法@x研究@y中国
690    @aD922.182.14@v5
701  0 @a盖威@AGai Wei@c(法学)@4著
801  0 @aCN@bTANGWEI@20160802
905    @b0887675-9@dD922.182.14@e1305@f5
    
    中国社团立法研究:以市民社会为视角/盖威著.-北京:中国书籍出版社,2015
    220页;24cm
    上海市重点学科建设项目 华东理工大学社会与公共管理学院卓越计划与重点学科建设项目.-万象学术文库
    
    ISBN 978-7-5068-4989-0(精装):CNY68.00
    本书以马克思的市民社会理论为指导,以建设和发展中国社会主义市民社会为背景,围绕社团、市民社会、民法和国家之间的密切联系展开论述。
●
相关链接 在E读中查询图书 在五车中查询图书 在当当中查询图书 在豆瓣中查询图书


正题名:中国社团立法研究     索取号:D922.182.14/1305         预约/预借

序号 登录号 条形码 馆藏地/架位号 状态 备注
1 0887675   208876750   第一样本阅览室/ [索取号:D922.182.14/1305] 在馆    
2 0887676   208876769   密集书库-史法系/ [索取号:D922.182.14/1305] 在馆    
3 0887677   208876778   第一借阅区/ [索取号:D922.182.14/1305] 在馆    
4 0887678   208876787   第一借阅区/ [索取号:D922.182.14/1305] 在馆    
5 0887679   208876796   第一借阅区/ [索取号:D922.182.14/1305] 在馆    
唐山师范学院图书馆 欢迎您!
大连网信软件有限公司© 版权所有